000 00529nab a2200157Ia 4500
003 ES-SlBCS
005 20210601134628.0
008 140529s1996 xxu||||| |||| 00| 0 spa d
041 _aspa
100 1 _aVelázquez Soriano, Isabel
_96628
245 0 0 _aTraducción al castellano de los textos de la Cueva Negra
_c Isabel Velázquez Soriano, Antonio Spigares
651 4 _aCueva Negra
_9220668
700 1 _aSpigares, Antonio
_9220680
773 0 _tAntigüedad y Cristianismo
_gnº. 13, 1996, págs. 453-476
_wRev1032
942 _cAR
999 _c615540
_d615540